|
|
|
|
| LEADER |
01338nam a2200385 4500 |
| 001 |
000006008 |
| 003 |
2162 |
| 005 |
20120510140512.0 |
| 008 |
110829s2004 viesd |
| 020 |
|
|
|c 000đ
|
| 041 |
0 |
|
|a vie
|
| 082 |
|
|
|a 895.9223
|b VU-P
|
| 100 |
0 |
|
|a Vũ Trọng Phụng
|
| 245 |
1 |
0 |
|a Vũ Trọng Phụng toàn tập
|b Tiểu thuyết: Dứt tình. Số đỏ. Làm đĩ
|c Vũ Trọng Phụng ; Tôn Thảo Miên b.s., giới thiệu
|n Tập 1
|
| 260 |
|
|
|a H.
|b Văn học
|c 2004
|
| 300 |
|
|
|a 657 tr.
|c 21 cm.
|
| 653 |
|
|
|a Văn học hiện đại
|
| 653 |
|
|
|a Việt Nam
|
| 653 |
|
|
|a Tiểu thuyết
|
| 653 |
|
|
|a Phóng sự
|
| 653 |
|
|
|a Tiểu luận
|
| 653 |
|
|
|a Tạp văn
|
| 700 |
|
|
|a Tôn Thảo Miên
|e b.soạn, giới thiệu
|
| 773 |
|
|
|t Vũ Trọng Phụng toàn tập
|w 1775
|
| 910 |
|
|
|a Huỳnh Thị Cẩm Lai
|d 29/08/2011
|
| OWN |
|
|
|a LSP
|
| AVA |
|
|
|a UDN50
|b LSP
|d 895.9223 VU-P
|e available
|t Error 5001 Not defined in file expand_doc_bib_avail.
|f 2
|g 0
|h N
|i 0
|k 1
|
| 999 |
|
|
|a From the UDN01
|
| AVA |
|
|
|a UDN50
|b LSP
|d 895.9223 VU-P
|e available
|t Error 5001 Not defined in file expand_doc_bib_avail.
|f 2
|g 0
|h N
|i 0
|k 1
|
| TYP |
|
|
|a Monograph
|
| TYP |
|
|
|a Printed language
|
| 980 |
|
|
|a Mạng thư viện Đại học Đà Nẵng
|